[Event "V4Liptov2018"]
[Site "?"]
[Date "2018.06.27"]
[Round "8.29"]
[White "Pogadl, Jakub"]
[Black "Ptacek, Jan"]
[Result "0-1"]
[BlackElo "1847"]
[WhiteElo "1647"]
[LiveChessVersion "1.4.8"]

1. c4 {[%clk 1:00:55]} Nf6 {[%clk 1:00:55]} 2. g3 {[%clk 1:01:13]} e6
{[%clk 0:59:37]} 3. Bg2 {[%clk 1:01:14]} Be7 {[%clk 0:57:32]} 4. Nf3
{[%clk 1:01:04]} O-O {[%clk 0:57:51]} 5. O-O {[%clk 0:59:36]} c5 {[%clk 0:56:05]}
6. Nc3 {[%clk 0:58:22]} a6 {[%clk 0:56:22]} 7. e3 {[%clk 0:56:14]} Qc7
{[%clk 0:56:26]} 8. b3 {[%clk 0:55:02]} b6 {[%clk 0:54:27]} 9. d4
{[%clk 0:53:49]} cxd4 {[%clk 0:53:28]} 10. exd4 {[%clk 0:51:10]} d5
{[%clk 0:51:50]} 11. Qd3 {[%clk 0:43:06]} Bb7 {[%clk 0:51:26]} 12. Bf4
{[%clk 0:38:03]} Bd6 {[%clk 0:50:27]} 13. Bxd6 {[%clk 0:37:00]} Qxd6
{[%clk 0:50:55]} 14. Ne5 {[%clk 0:35:21]} dxc4 {[%clk 0:42:20]} 15. Nxc4
{[%clk 0:33:51]} Qc7 {[%clk 0:42:41]} 16. Bxb7 {[%clk 0:29:58]} Qxb7
{[%clk 0:43:09]} 17. Rfd1 {[%clk 0:25:04]} Rd8 {[%clk 0:41:28]} 18. Rac1
{[%clk 0:21:43]} Nc6 {[%clk 0:41:08]} 19. Qf3 {[%clk 0:20:59]} Rab8
{[%clk 0:32:55]} 20. Qf4 {[%clk 0:11:25]} Nb4 {[%clk 0:29:26]} 21. Ne3
{[%clk 0:09:47]} Rd7 {[%clk 0:28:03]} 22. Rd2 {[%clk 0:09:24]} Rbd8
{[%clk 0:28:01]} 23. Rcd1 {[%clk 0:09:43]} b5 {[%clk 0:25:30]} 24. a3
{[%clk 0:09:12]} Nbd5 {[%clk 0:25:17]} 25. Nexd5 {[%clk 0:09:11]} Nxd5
{[%clk 0:25:44]} 26. Nxd5 {[%clk 0:09:28]} Rxd5 {[%clk 0:25:23]} 27. Rc2
{[%clk 0:05:29]} R5d7 {[%clk 0:25:46]} 28. Rcd2 {[%clk 0:05:41]} h6
{[%clk 0:26:07]} 29. Rc2 {[%clk 0:05:13]} Qa7 {[%clk 0:25:08]} 30. Rcd2
{[%clk 0:05:19]} Qb6 {[%clk 0:24:37]} 31. b4 {[%clk 0:05:26]} Rd5
{[%clk 0:20:15]} 32. Kf1 {[%clk 0:03:49]} Rc8 {[%clk 0:19:57]} 33. Qe3
{[%clk 0:03:02]} Qb7 {[%clk 0:17:43]} 34. Kg1 {[%clk 0:02:54]} Rcd8
{[%clk 0:18:06]} 35. Qc3 {[%clk 0:02:37]} Qd7 {[%clk 0:17:16]} 36. Rc2
{[%clk 0:00:52]} e5 {[%clk 0:12:40]} 37. Qc6 {[%clk 0:00:38]} Qd6
{[%clk 0:12:14]} 38. Rdc1 {[%clk 0:00:34]} Rxd4 {[%clk 0:12:04]} 39. Qxd6
{[%clk 0:00:46]} R8xd6 {[%clk 0:12:33]} 40. Rc6 {[%clk 0:01:00]} Rd3
{[%clk 0:12:29]} 41. Rxd6 {[%clk 0:01:13]} Rxd6 {[%clk 0:12:58]} 42. Rc3
{[%clk 0:01:32]} Kf8 {[%clk 0:12:40]} 43. Kf1 {[%clk 0:01:35]} Ke7
{[%clk 0:12:53]} 44. Ke2 {[%clk 0:01:53]} Ke6 {[%clk 0:13:16]} 45. Ke3
{[%clk 0:01:54]} g5 {[%clk 0:13:17]} 46. Rc8 {[%clk 0:01:53]} f5 {[%clk 0:12:44]}
47. Re8+ {[%clk 0:01:35]} Kd5 {[%clk 0:13:07]} 48. Rc8 {[%clk 0:01:14]} f4+
{[%clk 0:13:05]} 49. gxf4 {[%clk 0:01:21]} gxf4+ {[%clk 0:11:42]} 50. Ke2
{[%clk 0:00:54]} Rc6 {[%clk 0:08:24]} 51. Rxc6 {[%clk 0:00:33]} Kxc6
{[%clk 0:08:47]} 52. Kd3 {[%clk 0:01:00]} Kd5 {[%clk 0:08:06]} 53. f3
{[%clk 0:01:21]} h5 {[%clk 0:08:34]} 54. h4 {[%clk 0:01:44]} Kd6 {[%clk 0:08:43]}
55. Ke2 {[%clk 0:01:18]} Ke6 {[%clk 0:08:52]} 56. Kd2 {[%clk 0:01:20]} Kd5
{[%clk 0:09:02]} 57. Kd3 {[%clk 0:01:41]} e4+ {[%clk 0:09:23]} 58. fxe4+
{[%clk 0:01:54]} Ke5 {[%clk 0:09:47]} 59. Ke2 {[%clk 0:01:49]} Kxe4
{[%clk 0:10:14]} 60. Kf2 {[%clk 0:01:57]} f3 {[%clk 0:10:22]} 61. Kf1
{[%clk 0:02:19]} Kf4 {[%clk 0:10:40]} 62. Kf2 {[%clk 0:02:38]} Kg4
{[%clk 0:11:01]} 63. Kf1 {[%clk 0:02:12]} Kxh4 {[%clk 0:11:24]} 64. Kf2
{[%clk 0:02:36]} Kg4 {[%clk 0:11:51]} 65. Kg1 {[%clk 0:02:50]} Kg3
{[%clk 0:12:15]} 66. Kf1 {[%clk 0:03:12]} f2 {[%clk 0:12:41]} 67. a4
{[%clk 0:03:17]} bxa4 {[%clk 0:12:41]} 68. b5 {[%clk 0:03:25]} axb5
{[%clk 0:13:06]} 69. Ke2 {[%clk 0:03:46]} Kg2 {[%clk 0:13:32]} 70. Ke3
{[%clk 0:04:07]} f1=Q {[%clk 0:13:52]} 71. Kd2 {[%clk 0:04:35]} Qf3
{[%clk 0:14:10]} 72. Kc2 {[%clk 0:05:00]} Qe3 {[%clk 0:14:28]} 73. Kb2
{[%clk 0:05:22]} Qb3+ {[%clk 0:14:47]} 74. Kc1 {[%clk 0:05:44]} Qa2
{[%clk 0:15:08]} 75. Kd1 {[%clk 0:06:09]} Kf3 {[%clk 0:15:34]} 76. Kc1
{[%clk 0:06:30]} Ke3 {[%clk 0:15:59]} 77. Kd1 {[%clk 0:06:51]} Qd2# 0-1

[Event "V4Liptov2018"]
[Site "?"]
[Date "2018.06.27"]
[Round "8.30"]
[White "Volaninova, Sarka"]
[Black "Taragel, Marian"]
[Result "1/2-1/2"]
[BlackElo "1609"]
[WhiteElo "1680"]
[LiveChessVersion "1.4.8"]

1. e4 {[%clk 1:00:58]} e5 {[%clk 1:00:27]} 2. d4 {[%clk 1:01:17]} exd4
{[%clk 1:00:23]} 3. Qxd4 {[%clk 1:01:36]} Nc6 {[%clk 0:59:49]} 4. Qe3
{[%clk 1:01:43]} Nf6 {[%clk 0:59:02]} 5. Nc3 {[%clk 1:01:31]} Bb4
{[%clk 0:57:58]} 6. Bd2 {[%clk 1:01:29]} O-O {[%clk 0:57:39]} 7. O-O-O
{[%clk 0:57:49]} Re8 {[%clk 0:54:04]} 8. Qg3 {[%clk 0:48:29]} Nxe4
{[%clk 0:41:37]} 9. Nxe4 {[%clk 0:47:50]} Rxe4 {[%clk 0:36:52]} 10. c3
{[%clk 0:41:23]} Bd6 {[%clk 0:32:18]} 11. Qf3 {[%clk 0:40:33]} Re8
{[%clk 0:31:31]} 12. h4 {[%clk 0:36:42]} Ne5 {[%clk 0:28:57]} 13. Qh3
{[%clk 0:34:45]} Qf6 {[%clk 0:27:48]} 14. f4 {[%clk 0:33:59]} Nc6
{[%clk 0:26:02]} 15. f5 {[%clk 0:33:42]} Bc5 {[%clk 0:24:00]} 16. Nf3
{[%clk 0:26:48]} Be3 {[%clk 0:22:07]} 17. g4 {[%clk 0:23:37]} Bxd2+
{[%clk 0:21:14]} 18. Nxd2 {[%clk 0:23:11]} d6 {[%clk 0:20:12]} 19. Bd3
{[%clk 0:22:50]} Ne5 {[%clk 0:18:54]} 20. Bc2 {[%clk 0:22:35]} Bd7
{[%clk 0:18:20]} 21. Rhf1 {[%clk 0:19:32]} Bb5 {[%clk 0:13:26]} 22. Rf2
{[%clk 0:13:37]} Nc4 {[%clk 0:12:19]} 23. Ne4 {[%clk 0:10:41]} 1/2-1/2

[Event "V4Liptov2018"]
[Site "?"]
[Date "2018.06.27"]
[Round "8.31"]
[White "Ciglian, Michal"]
[Black "Cipl, Jan"]
[Result "1/2-1/2"]
[BlackElo "1481"]
[WhiteElo "1518"]
[LiveChessVersion "1.4.8"]

1. d4 {[%clk 1:00:57]} d5 {[%clk 1:00:29]} 2. c4 {[%clk 1:01:18]} e6
{[%clk 1:00:30]} 3. Nc3 {[%clk 1:01:19]} Nf6 {[%clk 0:59:33]} 4. Bf4
{[%clk 1:01:16]} Bb4 {[%clk 0:57:39]} 5. Rc1 {[%clk 0:59:46]} O-O
{[%clk 0:56:49]} 6. e3 {[%clk 0:59:53]} Nc6 {[%clk 0:53:42]} 7. a3
{[%clk 0:59:34]} Be7 {[%clk 0:53:36]} 8. Nf3 {[%clk 0:59:18]} Nh5
{[%clk 0:52:07]} 9. Bg3 {[%clk 0:59:07]} Nxg3 {[%clk 0:50:02]} 10. hxg3
{[%clk 0:59:28]} Bf6 {[%clk 0:48:10]} 11. Bd3 {[%clk 0:59:21]} g6
{[%clk 0:47:02]} 12. cxd5 {[%clk 0:58:58]} exd5 {[%clk 0:46:25]} 13. Qb3
{[%clk 0:59:13]} Ne7 {[%clk 0:45:00]} 14. O-O {[%clk 0:56:02]} c6
{[%clk 0:44:12]} 15. Rcd1 {[%clk 0:53:04]} Rb8 {[%clk 0:42:05]} 16. Rfe1
{[%clk 0:52:20]} Bg4 {[%clk 0:39:04]} 17. Qc2 {[%clk 0:50:37]} Nf5
{[%clk 0:37:03]} 18. Ne2 {[%clk 0:50:03]} Re8 {[%clk 0:35:26]} 19. Nf4
{[%clk 0:49:28]} Qd7 {[%clk 0:32:38]} 20. Rd2 {[%clk 0:48:14]} Nd6
{[%clk 0:30:34]} 21. Nh2 {[%clk 0:48:00]} Bf5 {[%clk 0:28:08]} 22. Rde2
{[%clk 0:46:42]} Bxd3 {[%clk 0:27:01]} 23. Nxd3 {[%clk 0:46:52]} Ne4
{[%clk 0:27:07]} 24. Nf3 {[%clk 0:46:44]} Qc7 {[%clk 0:24:29]} 25. Nd2
{[%clk 0:46:19]} Nxd2 {[%clk 0:23:11]} 26. Qxd2 {[%clk 0:46:03]} b6
{[%clk 0:23:10]} 27. Rc1 {[%clk 0:46:13]} Qb7 {[%clk 0:22:57]} 28. Nb4
{[%clk 0:45:53]} Rbc8 {[%clk 0:23:02]} 29. Qd3 {[%clk 0:45:20]} c5
{[%clk 0:22:46]} 30. dxc5 {[%clk 0:45:35]} Rxc5 {[%clk 0:22:00]} 31. Rxc5
{[%clk 0:45:58]} bxc5 {[%clk 0:22:25]} 32. Qxd5 {[%clk 0:46:01]} Qxd5
{[%clk 0:21:30]} 33. Nxd5 {[%clk 0:46:26]} Bg7 {[%clk 0:21:52]} 34. Rc2
{[%clk 0:46:29]} Rb8 {[%clk 0:20:33]} 35. b4 {[%clk 0:46:39]} cxb4
{[%clk 0:20:38]} 36. axb4 {[%clk 0:47:04]} Rb5 {[%clk 0:20:06]} 37. Rc5
{[%clk 0:47:10]} Rxc5 {[%clk 0:19:25]} 38. bxc5 {[%clk 0:46:49]} Kf8
{[%clk 0:19:48]} 39. Kf1 {[%clk 0:46:50]} a5 {[%clk 0:18:37]} 40. Ke2
{[%clk 0:47:16]} a4 {[%clk 0:17:49]} 41. Kd2 {[%clk 0:47:24]} a3 {[%clk 0:18:02]}
42. Nb4 {[%clk 0:47:50]} Ke8 {[%clk 0:17:47]} 43. Kc2 {[%clk 0:48:14]} Bf8
{[%clk 0:17:50]} 44. Kb3 {[%clk 0:48:29]} Bxc5 {[%clk 0:17:46]} 45. Kxa3
{[%clk 0:48:52]} Kd7 {[%clk 0:17:51]} 46. Kb3 {[%clk 0:49:18]} Ke6
{[%clk 0:17:41]} 47. Nd3 {[%clk 0:49:23]} 1/2-1/2

[Event "V4Liptov2018"]
[Site "?"]
[Date "2018.06.27"]
[Round "8.32"]
[White "Cizek, Jan"]
[Black "Subjakova, Kristina"]
[Result "0-1"]
[BlackElo "1526"]
[WhiteElo "1400"]
[LiveChessVersion "1.4.8"]

1. e4 {[%clk 1:00:58]} e5 {[%clk 1:00:56]} 2. f4 {[%clk 1:01:24]} d6
{[%clk 1:01:22]} 3. Nf3 {[%clk 1:01:48]} Nc6 {[%clk 1:01:46]} 4. Bc4
{[%clk 1:01:48]} Bg4 {[%clk 1:02:01]} 5. h3 {[%clk 1:00:39]} Bxf3
{[%clk 1:02:10]} 6. Qxf3 {[%clk 1:00:46]} Nd4 {[%clk 1:02:19]} 7. Qd1
{[%clk 1:01:07]} Qh4+ {[%clk 1:02:39]} 8. Kf1 {[%clk 0:59:42]} Qxf4+
{[%clk 1:02:58]} 9. Kg1 {[%clk 0:59:41]} Qxe4 {[%clk 1:02:45]} 10. d3
{[%clk 0:59:07]} Qe2 {[%clk 1:01:36]} 11. Qxe2 {[%clk 0:58:28]} Nxe2+
{[%clk 1:02:00]} 12. Kh2 {[%clk 0:58:33]} Nxc1 {[%clk 1:02:03]} 13. Rxc1
{[%clk 0:58:58]} c6 {[%clk 1:02:12]} 14. Re1 {[%clk 0:59:07]} f6 {[%clk 1:02:14]}
15. Be6 {[%clk 0:58:11]} d5 {[%clk 1:02:20]} 16. c4 {[%clk 0:58:14]} dxc4
{[%clk 1:02:23]} 17. dxc4 {[%clk 0:58:30]} Rd8 {[%clk 1:02:34]} 18. b3
{[%clk 0:57:47]} Bb4 {[%clk 1:02:46]} 19. Rf1 {[%clk 0:57:24]} Rd6
{[%clk 1:03:01]} 20. Bg4 {[%clk 0:57:29]} Nh6 {[%clk 1:02:07]} 21. Bf3
{[%clk 0:57:35]} O-O {[%clk 1:02:15]} 22. a3 {[%clk 0:57:51]} Bc5
{[%clk 1:02:33]} 23. b4 {[%clk 0:57:41]} Bd4 {[%clk 1:02:46]} 24. Ra2
{[%clk 0:57:30]} Rfd8 {[%clk 1:02:56]} 25. Nd2 {[%clk 0:57:19]} Bg1+
{[%clk 1:02:37]} 26. Kxg1 {[%clk 0:57:14]} Rxd2 {[%clk 1:03:02]} 27. Rf2
{[%clk 0:57:38]} Rxa2 {[%clk 1:03:11]} 28. Rxa2 {[%clk 0:58:02]} Nf5
{[%clk 1:03:32]} 29. b5 {[%clk 0:58:10]} cxb5 {[%clk 1:03:34]} 30. cxb5 b6
{[%clk 1:04:00]} 31. Rc2 {[%clk 0:58:56]} Nd4 {[%clk 1:04:06]} 32. Rb2
{[%clk 0:59:12]} Nxf3+ {[%clk 1:04:25]} 33. gxf3 {[%clk 0:59:36]} Rd3
{[%clk 1:04:47]} 34. Kf2 {[%clk 0:59:34]} Rxa3 {[%clk 1:05:10]} 35. Kg3
{[%clk 0:59:55]} e4 {[%clk 1:05:15]} 36. Kf4 {[%clk 1:00:09]} Rxf3+
{[%clk 1:05:13]} 0-1